000 00710nam a2200253 4500
003 OSt
005 20260601193848.0
008 260507b1985 mx ||||| |||| 00| 0 spa d
020 _a9688375268
040 _aICI
_bspa
_cICI
041 _aspa
050 _aT173.8
_bS358 1985
100 1 _aSantiago Bachelle, Amado,
_eautor
_931866
245 1 _aInvestigación Invención Innovación /
_cAmado Santiago Bachelle
264 1 _aMéxico :
_bUNAM,
_c1985
300 _a172 páginas
336 _atexto
_2rdacontent
337 _asin medio
_2rdamedia
338 _avolumen
_2rdacarrier
650 4 _aInventos
650 4 _aInvestigación
_931868
650 4 _aInnovaciones tecnológicas
942 _2lcc
_cB
_n1
999 _c21751
_d21751